Loading...
| Literature - British | 0 | 4 | 0 | 2 | 40 | 86 | 102.75 | 0 | 0 | 2.66 | 7.59 |
| Fine Arts - Classical Music | 0 | 3 | 0 | 0 | 30 | 77 | 94.00 | 0 | 0 | 4.39 | 12.02 |
| Popular Culture | 0 | 3 | 0 | 0 | 30 | 38 | 42.67 | 1 | 2 | 26.81 | 36.08 |
| Fine Arts - Painting and Sculpture | 0 | 2 | 0 | 0 | 20 | 57 | 72.00 | 0 | 0 | 7.13 | 10.58 |
| History - Other | 0 | 2 | 0 | 2 | 20 | 103 | 109.00 | 0 | 0 | 0.07 | 3.85 |
| History - World | 0 | 2 | 0 | 0 | 20 | 62 | 75.00 | 0 | 0 | 4.94 | 8.33 |
| Literature - American | 0 | 2 | 0 | 0 | 20 | 115 | 115.50 | 0 | 0 | 0.14 | 5.56 |
| Literature - World | 0 | 2 | 0 | 1 | 20 | 90 | 102.50 | 0 | 0 | 1.26 | 2.62 |
| History - American | 0 | 2 | 0 | 0 | 20 | 76 | 92.50 | 0 | 0 | 3.64 | 8.01 |
| Literature - European | 0 | 1 | 0 | 0 | 10 | 109 | 109.00 | 0 | 0 | 0.37 | 2.08 |
| Science - Other | 0 | 1 | 0 | 1 | 10 | 132 | 132.00 | 0 | 0 | 0.12 | 1.28 |
| Mythology | 0 | 1 | 0 | 1 | 10 | 111 | 111.00 | 0 | 0 | 0.29 | 1.39 |
| History - European | 0 | 1 | 0 | 0 | 10 | 81 | 81.00 | 0 | 0 | 1.97 | 5.13 |
| Social Science | 0 | 1 | 0 | 0 | 10 | 35 | 35.00 | 1 | 1 | 7.54 | 11.11 |
| Religion | 0 | 1 | 0 | 0 | 10 | 56 | 56.00 | 0 | 0 | 4.44 | 5.56 |
| Science - Biology | 0 | 1 | 0 | 1 | 10 | 110 | 110.00 | 0 | 0 | 0.00 | 0.64 |
| Fine Arts - Other | 0 | 1 | 0 | 0 | 10 | 119 | 119.00 | 0 | 0 | 0.46 | 5.56 |